000 00521nam a2200193Ia 4500
001 13328
003 GE_BSU
008 181216s||||||||xx |||||||||||||| ||und||
040 _cGE_BSU
080 _a633.8
245 _aЭфиромасличные культуры
245 _cРед.А.М.Смолянов и А.т.Ксендза
260 _aМосква
260 _bКолос
260 _c1976
300 _a336стр.илл.20см.
653 _aЭфиромасличные культуры
942 _cBK
999 _c46489
_d46489